[Event "VEN-ch Expertos"]
[Site "Caracas"]
[Date "2022.04.14"]
[Round "4"]
[White "Mora Moron, Jose Ramon"]
[Black "Plaza Joyo, Brayan Leonardo"]
[Result "1-0"]
[WhiteElo "2196"]
[BlackElo "2020"]
[PlyCount "95"]
[EventDate "2022.04.13"]
[EventType "swiss"]
[EventRounds "7"]
[EventCountry "VEN"]
[SourceTitle "CBM 207 Extra"]
[Source "ChessBase"]
[SourceDate "2022.05.31"]
[SourceVersion "1"]
[SourceVersionDate "2022.05.31"]
[SourceQuality "1"]

1. e4 c5 2. Nf3 e6 3. d4 cxd4 4. Nxd4 a6 5. Nc3 Qc7 6. Be2 Nf6 7. 0-0 Bb4 8. Qd3 Bxc3 9. bxc3 d5 10. exd5 Nxd5 11. Qf3 0-0 12. c4 Nf6 13. Rb1 e5 14. Nf5 Bxf5 15. Qxf5 Nc6 16. c3 Ne7 17. Qf3 e4 18. Qg3 Qc6 19. Rd1 Rfd8 20. Bg5 Kh8 21. h4 h6 22. Bf4 Ng6 23. Be3 b5 24. h5 Ne7 25. Qe5 Qe6 26. Rxd8+ Rxd8 27. Qxe6 fxe6 28. cxb5 axb5 29. Rxb5 Nfd5 30. Bd4 Nc6 31. Rc5 Nxd4 32. cxd4 Nf4 33. Bg4 Rf8 34. Rc2 g6 35. hxg6 Rg8 36. Kh2 Rxg6 37. Bh3 Rg5 38. Rc5 Rd5 39. Rxd5 exd5 40. a4 Nd3 41. a5 Nb4 42. Bc8 Nc6 43. a6 Na7 44. Bb7 Kg7 45. Bxd5 Kf6 46. Bxe4 Ke6 47. Kh3 Nb5 48. Kh4 1-0

[Event "Barinas Messori Memorial"]
[Site "Barinas"]
[Date "2018.08.18"]
[Round "6"]
[White "Plaza Joyo, Brayan Leonardo"]
[Black "Diaz Quintero, Ronald Gerardo"]
[Result "1/2-1/2"]
[WhiteElo "1923"]
[BlackElo "1969"]
[PlyCount "79"]
[EventDate "2018.08.17"]
[EventType "swiss"]
[EventRounds "7"]
[EventCountry "VEN"]
[SourceTitle "CBM 186 Extra"]
[Source "ChessBase"]
[SourceDate "2018.08.24"]
[SourceVersion "1"]
[SourceVersionDate "2018.08.24"]
[SourceQuality "1"]

1. c4 Nf6 2. Nf3 d6 3. g3 g6 4. Bg2 Bg7 5. 0-0 0-0 6. d4 Nbd7 7. Nc3 c6 8. e4 e5 9. dxe5 Nxe5 10. Qe2 Bg4 11. Rd1 Qe7 12. Nb1 Nxe4 13. Re1 Nc5 14. Kh1 Qf6 15. Bg5 Bxf3 16. Bxf6 Bxe2 17. Bxg7 Kxg7 18. Rxe2 Nxc4 19. Rc2 Ne5 20. Nc3 Rad8 21. Rd1 f5 22. h3 Rd7 23. f4 Nf7 24. b4 Ne4 25. Nxe4 fxe4 26. Bxe4 Re8 27. Bf3 a6 28. a4 Re3 29. Kg2 Rb3 30. Rd4 Re7 31. Re2 Rxe2+ 32. Bxe2 d5 33. b5 axb5 34. axb5 Nd6 35. bxc6 bxc6 36. g4 Kf6 37. h4 Ke6 38. Bf3 Rb2+ 39. Kg3 Nf7 40. Rd3 1/2-1/2

[Event "Barinas Messori Memorial"]
[Site "Barinas"]
[Date "2018.08.17"]
[Round "3"]
[White "Plaza Joyo, Brayan Leonardo"]
[Black "Herrera Aliza, Gerardo Ramon"]
[Result "1/2-1/2"]
[WhiteElo "1923"]
[BlackElo "1978"]
[PlyCount "101"]
[EventDate "2018.08.17"]
[EventType "swiss"]
[EventRounds "7"]
[EventCountry "VEN"]
[SourceTitle "CBM 186 Extra"]
[Source "ChessBase"]
[SourceDate "2018.08.24"]
[SourceVersion "1"]
[SourceVersionDate "2018.08.24"]
[SourceQuality "1"]

1. c4 e5 2. Nc3 Nc6 3. Nf3 f5 4. d3 Nf6 5. g3 Bb4 6. Bd2 a6 7. Bg2 0-0 8. 0-0 d6 9. a3 Bc5 10. b4 Ba7 11. Ng5 h6 12. Nf3 Bd7 13. Rb1 Qe8 14. Ne1 Rb8 15. Nc2 Kh8 16. Ne3 Nd4 17. Ned5 Nxd5 18. cxd5 c6 19. a4 f4 20. e3 f3 21. Bh1 Bg4 22. exd4 exd4 23. Na2 Qg6 24. Nc1 cxd5 25. Re1 Rf7 26. h3 Bxh3 27. Bxf3 Qf6 28. Bf4 g5 29. Kh2 Bd7 30. Ne2 gxf4 31. Nxf4 Qg5 32. Ng2 Bxa4 33. Qxa4 Rxf3 34. Re8+ Rf8 35. Rbe1 Rbxe8 36. Qxe8 Rxe8 37. Rxe8+ Kg7 38. Nf4 Kf7 39. Ra8 Bb6 40. Rb8 Bd8 41. Rxb7+ Be7 42. Rb6 h5 43. Rxa6 h4 44. b5 hxg3+ 45. fxg3 Qf5 46. Ra7 Qc8 47. b6 Qc5 48. Rc7 Qa5 49. Ra7 Qb5 50. Rc7 Qa5 51. Ra7 1/2-1/2